000 00954nam a22002897a 4500
001 BR8005334
003 BR-BrBNA
005 20230928090719.0
007 ta
008 230509b bl.||||| |||| 00| 0 por d
040 _aBR-BrBNA
_bpor
_cBiblioteca Nacional de Agricultura
041 _a(Por)
072 _aN20
_b/G514
090 _ N20 BR8005334
110 1 _aCompanhia Energetica de Sao Paulo, Sao Paulo (Brasil);
_92428
110 1 _aServico Industrial de Aprendizagem Industrial, Sao Paulo, SP (Brasil);
110 1 _aAssociacao Brasileira da Industria de Maquinas e Equipamentos, Sao Paulo, SP
245 1 _aOficina de manutencao rural [equipamento industrial, instalacao agricola, Brasil]
260 3 _aSao Paulo, SP (Brasil):
_c1980.
300 _a30 p.
500 _a14 illus.
650 _aEQUIPAMENTO INDUSTRIAL
650 _aMANUTENCAO
650 _aINSTALACAO AGRICOLA
909 _a202309
_bLucia
_c55
_dLucia Elande
942 _cBK
999 _c30172
_d30172